|
|
|
|
| LEADER |
00000cam a2200000 7i4500 |
| 001 |
0000066629 |
| 005 |
20161005.0 |
| 008 |
161005 |
| 020 |
|
|
|a 9830340635(set)
|
| 020 |
|
|
|a 9830340643
|
| 090 |
0 |
0 |
|a PLC
|b MAL
|
| 100 |
1 |
|
|a Suraya
|
| 245 |
1 |
0 |
|a Malaysia
|c Suraya
|
| 260 |
|
|
|a Kuala Lumpur :
|b Penerbitan Hartamas ,
|c 1995
|
| 300 |
|
|
|a 38pg. :
|b col. ill.
|
| 490 |
1 |
|
|a Siri tanah airku
|
| 500 |
|
|
|a Children ages 7-9 years old (orange)
|
| 650 |
|
0 |
|a Malaysia
|x History
|
| 999 |
|
|
|a 0000585059
|b Book
|c Children Collection
|e Cawangan Bandar Penawar
|
| 999 |
|
|
|a 0000585073
|b Book
|c Children Collection
|e Cawangan Mersing
|
| 999 |
|
|
|a 0000585076
|b Book
|c Children Collection
|e Cawangan Tmn. Ungku Tun Aminah
|
| 999 |
|
|
|a 0000797852
|b Book
|c Children Collection
|e Cawangan Segamat
|
| 999 |
|
|
|a 0000799274
|b Book
|c Children Collection
|e Cawangan Pontian
|
| 999 |
|
|
|a 0000817367
|b Book
|c Children Collection
|e Cawangan Bandar Penawar
|
| 999 |
|
|
|a 0000818915
|b Book
|c Children Collection
|e Cawangan Mersing
|
| 999 |
|
|
|a 0000931921
|b Book
|c Children Collection
|e Cawangan Tangkak
|
| 999 |
|
|
|a 0000931922
|b Book
|c Children Collection
|e Cawangan Tangkak
|
| 999 |
|
|
|a 0000931923
|b Book
|c Children Collection
|e Cawangan Tangkak
|
| 999 |
|
|
|a 0000946137
|b Book
|c Children Collection
|e Cawangan Taman Sri Lambak
|
| 999 |
|
|
|a 0000946138
|b Book
|c Children Collection
|e Cawangan Taman Sri Lambak
|
| 999 |
|
|
|a 0000946139
|b Book
|c Children Collection
|e Cawangan Taman Sri Lambak
|